| 000 | 01574cam a2200361 i 4500 | ||
|---|---|---|---|
| 001 | 23728324 | ||
| 005 | 20250319111552.0 | ||
| 008 | 240611s2024 mouab bc 001 0 eng | ||
| 020 |
_a9783777443737 _q(hardcover) |
||
| 050 | 0 | 0 |
_aN7391.65 _b.N37 2024 |
| 082 | 0 | 4 |
_a709.67 _223/eng/20240611 |
| 245 | 0 | 0 |
_aNarrative wisdom and African arts / _cedited by Nichole N. Bridges. |
| 300 |
_a240 pages : _billustrations, map ; _c29 cm |
||
| 500 | _a"This book is published in conjunction with the exhibition Narrative Wisdom and African Arts presented at the Saint Louis Art Museum from October 19, 2024-January 5, 2025"--Colophon. | ||
| 650 | 0 |
_aArt, African _vExhibitions. |
|
| 650 | 0 |
_aNarrative art _zAfrica, Sub-Saharan _vExhibitions. |
|
| 650 | 0 |
_aCommunication in art _zAfrica, Sub-Saharan _vExhibitions. |
|
| 650 | 0 |
_aArt and society _zAfrica, Sub-Saharan _vExhibitions. |
|
| 650 | 7 |
_aART / African _2bisacsh |
|
| 650 | 7 |
_aART / Collections, Catalogs, Exhibitions / General _2bisacsh |
|
| 700 | 1 |
_aBeaujean-Baltzer, Gaƫlle, _econtributor. |
|
| 700 | 1 |
_aBridges, Nichole N., _eeditor, _econtributor. |
|
| 700 | 1 |
_aCurnow, Kathy, _econtributor. |
|
| 700 | 1 |
_aGrootaers, Jan-Lodewijk, _econtributor. |
|
| 700 | 1 |
_aManiacky, Jacky, _econtributor. |
|
| 700 | 1 |
_aNzewi, Ugochukwu-Smooth C., _econtributor. |
|
| 700 | 1 |
_aOla, Yomi, _econtributor. |
|
| 700 | 1 |
_aQuarcoopome, Nii O., _econtributor. |
|
| 700 | 1 |
_aSchaeffer, Elyse Dianne, _econtributor. |
|
| 700 | 1 |
_aSukop, Sylvia, _econtributor. |
|
| 710 | 2 |
_aSt. Louis Art Museum, _ehost institution. |
|
| 942 |
_2lcc _cBK _n0 |
||
| 999 |
_c4939 _d4939 |
||